Overwatch Heroes Based on their Ultimate Voiceline - Statistics

General Stats
  • This quiz has been taken 2,475 times
    258 since last reset
  • The average score is 33 of 51
Answer Stats
Hint Answer % Correct
Bob! Do Something! Ashe
98%
Life protects life! Lifeweaver
93%
Let the Kitsune guide you! Kiriko
92%
Oh, let's break it down! Lucio
90%
Nerf This! D.va
89%
Heroes never die Mercy
89%
Hammer Down! Reinhardt
86%
Welcome to Orbit Juno
85%
Apagando las luces Sombra
85%
Molten Core Torbjorn
85%
Pass into The Iris Zenyatta
84%
No one can hide from my sight Widowmaker
83%
Serve my design! Domina
80%
I've got you in my sights! Soldier 76
80%
Time for the reckoning! Junker Queen
79%
Excavation Initiation! Venture
77%
Surrender to my Will! Moira
76%
Reality bends to my will! Symmetra
76%
Face the Sunrise! Illari
73%
Search and destroy. Emre
69%
Hunting them down! Freja
69%
Lì wǎn kuáng lán! Wuyang
68%
Meeeeeooooowww!!! Jetpack Cat
67%
This ends now! Sojourn
64%
It's High Noon Cassidy
63%
Alla til mig Brigitte
61%
Tear it Down! Hazard
59%
Huǒyǔ fén tiān‌‌! Anran
57%
What is that melody? Sigma
57%
Justice Rains From Above! Pharah
55%
Die, Die, Die! Reaper
55%
Du do do dooo do DUUU! Bastion
53%
We got them where we want them! Mauga
53%
Suffer, as I have! Ramattra
52%
Area Denied Wrecking Ball
52%
Ryun-ga, Wa-ga-te-ki-wo, Ku-ra-u! Hanzo
51%
ROAR Winston
51%
Fire in the Hole! Junkrat
50%
Fire At Will Zarya
50%
Light 'em up! Baptiste
49%
Adaptive Circuits Engaged! Echo
49%
Warihum quwitak! Ana
48%
Dòng zhù! Bù xǔ zǒu! Mei
48%
Meet your fate! Orisa
48%
Ryuugekiken! Genji
44%
Eyes on the sky! Sierra
41%
Here goes nothin'! Tracer
39%
Incoming! Doomfist
38%
*laughter* Roadhog
38%
Retribution comes! Vendetta
35%
Noroi o tachikire! Mizuki
34%
No matching quizzes found
Score Distribution
Percent of People with Each Score
Percentile by Number Answered
Your Score History
You have not taken this quiz since the last reset